| 000 | 00466pam a2200157a 44500 | ||
|---|---|---|---|
| 008 | 230515b1990 xxu||||| |||| 00| 0 eng d | ||
| 020 | _a0-86311-251-X | ||
| 041 | _aENGL | ||
| 082 | _a305.23 UNE. | ||
| 100 | _a"U.N.E.S.C.O.," | ||
| 245 | _aYOUNG PEOPLE AND UNEMPLOYMENT AROUND THE WORLD | ||
| 250 | _a0 | ||
| 260 |
_aHYDERABAD _bORIENT LONMAN LIMITED _c1990 |
||
| 300 | _aVII+250 | ||
| 650 | _a"SOCIOLOGY AND SOCIETY,YOUNG PEOPLE,YOUTH UNEMPLOYMENT,YOUNG PEOPLE" | ||
| 999 |
_c534893 _d534893 |
||